| 000 | 00498 a2200157 4500 | ||
|---|---|---|---|
| 999 |
_c9143 _d9143 |
||
| 020 | _a9780702195488 | ||
| 050 | _aKF1366 CAS 2012 | ||
| 100 |
_aCassim, Farouk _eeditor |
||
| 245 |
_aThe Business law structures / _cFarouk HI Cassim et al |
||
| 264 |
_aClaremont : _bJUTA, _c2012 |
||
| 300 | _a613p. | ||
| 500 | _aIncludes index | ||
| 650 | _aBusiness law | ||
| 700 |
_aMaleka Femida Cassim, Rehana Cassim, Richard Jooste, Joanne Shev and Jacqueline Yeats _eeditors |
||
| 942 |
_2lcc _cBK _h1366 _iCAS _kKF |
||